General knowledge(AI made) - Statistics

General Stats
  • This quiz has been taken 26 times
  • The average score is 9 of 10
Answer Stats
Hint Answer % Correct
Number of continents in Earth 7
100%
Chemical formula of water H2O
100%
First person to walk on the Moon Neil Armstrong
100%
Director of the movie "Jaws" Steven Spielberg
96%
Year when Titanic sank 1912
91%
Fastest land animal Cheetah
91%
Square root of 144 12
87%
Capital of Brazil Brasilia
87%
Only mammal that's capable of true flight Bat
65%
National sport of Canada Lacrosse
48%
No matching quizzes found
Score Distribution
Percent of People with Each Score
Percentile by Number Answered
Your Score History
You have not taken this quiz